Реализация блока "Арт-терапия в работе педагога" в программе "Здоровье учителя Красноярского края"; Вестник Томского государственного педагогического университета; № 4 (132)

Dades bibliogràfiques
Parent link:Вестник Томского государственного педагогического университета.— , 1997-
№ 4 (132).— 2013.— [С. 132-135]
Autor principal: Минин М. Г. Михаил Григорьевич
Autor corporatiu: Национальный исследовательский Томский политехнический университет (ТПУ) Институт развития стратегического партнерства и компетенций (ИСПК) Кафедра инженерной педагогики (ИПед)
Altres autors: Свиридова Е. А. Екатерина Андреевна
Sumari:Заглавие с экрана
Статья посвящена исследованию эффективности реализации блока "Арт-терапия в работе педагога" в программе "Здоровье учителя Красноярского края". Описываются используемые методики и результаты, полученные в ходе исследования.
This article is devoted to the efficient realization of the set: "Art therapy in teaching" in the program "Teacher’s health in Krasnoyarsk region". There is a description of the used methods and results, which were reached during the research.
Режим доступа: по договору с организацией-держателем ресурса
Idioma:rus
Publicat: 2013
Matèries:
Accés en línia:https://elibrary.ru/item.asp?id=19005781
Format: MixedMaterials Electrònic Capítol de llibre
KOHA link:https://koha.lib.tpu.ru/cgi-bin/koha/opac-detail.pl?biblionumber=656224

MARC

LEADER 00000naa0a2200000 4500
001 656224
005 20250403152956.0
035 |a (RuTPU)RU\TPU\network\22659 
035 |a RU\TPU\network\22658 
090 |a 656224 
100 |a 20171101d2013 k||y0rusy50 ca 
101 0 |a rus 
102 |a RU 
135 |a drcn ---uucaa 
181 0 |a i  
182 0 |a b 
200 1 |a Реализация блока "Арт-терапия в работе педагога" в программе "Здоровье учителя Красноярского края"  |d Realization of set: "Art therapy in teching" in the program "Teacher's health in Krasnoyarsk region"  |f М. Г. Минин, Е. А. Свиридова 
203 |a Текст  |c электронный 
300 |a Заглавие с экрана 
320 |a [Библиогр.: с. 135 (8 назв.)] 
330 |a Статья посвящена исследованию эффективности реализации блока "Арт-терапия в работе педагога" в программе "Здоровье учителя Красноярского края". Описываются используемые методики и результаты, полученные в ходе исследования. 
330 |a This article is devoted to the efficient realization of the set: "Art therapy in teaching" in the program "Teacher’s health in Krasnoyarsk region". There is a description of the used methods and results, which were reached during the research. 
333 |a Режим доступа: по договору с организацией-держателем ресурса 
461 |t Вестник Томского государственного педагогического университета  |d 1997- 
463 |t № 4 (132)  |v [С. 132-135]  |d 2013 
510 1 |a Realization of set: "Art therapy in teching" in the program "Teacher's health in Krasnoyarsk region"  |z eng 
610 1 |a электронный ресурс 
610 1 |a труды учёных ТПУ 
610 1 |a здоровье 
610 1 |a учителя 
610 1 |a педагоги 
610 1 |a исследование 
610 1 |a Красноярский край 
610 1 |a арт-терапия 
700 1 |a Минин  |b М. Г.  |c специалист в области инженерной педагогики  |c профессор Томского политехнического университета, доктор педагогических наук  |f 1944-  |g Михаил Григорьевич  |3 (RuTPU)RU\TPU\pers\26824  |9 12443 
701 1 |a Свиридова  |b Е. А.  |c физик  |c инженер-исследователь Томского политехнического университета  |f 1991-  |g Екатерина Андреевна  |3 (RuTPU)RU\TPU\pers\34916 
712 0 2 |a Национальный исследовательский Томский политехнический университет (ТПУ)  |b Институт развития стратегического партнерства и компетенций (ИСПК)  |b Кафедра инженерной педагогики (ИПед)  |3 (RuTPU)RU\TPU\col\18906 
801 2 |a RU  |b 63413507  |c 20171226  |g RCR 
856 4 |u https://elibrary.ru/item.asp?id=19005781 
942 |c CF